Summer or Winter Olympic Sports - Click Quiz - Statistics

General Stats
  • This quiz has been taken 56 times
  • The average score is 14 of 16
Answer Stats
Hint Answer % Correct
judo SUMMER
96%
triathlon SUMMER
94%
table tennis SUMMER
94%
lacrosse SUMMER
94%
ski jumping WINTER
94%
bobsleigh WINTER
94%
ice hockey WINTER
92%
skateboarding SUMMER
90%
wrestling SUMMER
90%
figure skating WINTER
90%
skeleton WINTER
90%
shooting SUMMER
88%
speed skating WINTER
88%
luge WINTER
81%
biathlon WINTER
67%
hockey SUMMER
50%
No matching quizzes found
Score Distribution
Percent of People with Each Score
Percentile by Number Answered
Your Score History
You have not taken this quiz